A TEXT BOOK OF AGADA TANTRA (Record no. 27482)

MARC details
000 -LEADER
fixed length control field 00366nam a22001577a 4500
003 - CONTROL NUMBER IDENTIFIER
control field SGT
020 ## - INTERNATIONAL STANDARD BOOK NUMBER
International Standard Book Number 9789386660954
082 ## - DEWEY DECIMAL CLASSIFICATION NUMBER
Classification number 615.53
Item number A22B
100 ## - MAIN ENTRY--PERSONAL NAME
Personal name BHAT, SHOBHA.K.
245 ## - TITLE STATEMENT
Title A TEXT BOOK OF AGADA TANTRA
260 ## - PUBLICATION, DISTRIBUTION, ETC. (IMPRINT)
Place of publication, distribution, etc VARANASI
Name of publisher, distributor, etc CHAUKHAMBHA ORIN. PUB.
Year of Publication 2022
300 ## - PAGE DESCRIPTION
No. of Pages 378
650 ## - SUBJECT ADDED ENTRY--TOPICAL TERM
Topical term or geographic name as entry element AGAD TANTRA
653 ## - KEYWORDS--INDEX TERM
Keyword term AGAD, TANTRA
942 ## - ADDED ENTRY ELEMENTS (KOHA)
Source of classification or shelving scheme Dewey Decimal Classification
Koha item type Books
942 ## - ADDED ENTRY ELEMENTS (KOHA)
-- 34
Holdings
Withdrawn status Lost status Source of classification or shelving scheme Damaged status Not for loan Collection code Home library Current library Shelving location Date acquired Vendor Name Cost, normal purchase price SGTU Bill Number Total Checkouts Full call number Accession No. (Barcode) Checked out Date last seen Date last borrowed Bill Date Koha item type Total Renewals
    Dewey Decimal Classification     AYURVEDA SGT FA-FP Library SGT FA-FP Library Text Book 20/11/2024 CHAUKHAMBHA PUB. 450.00 SGTU CP/B/584 30 615.53 A22B FA12191 05/06/2026 22/05/2026 22/05/2026 09/10/2024 Books  
    Dewey Decimal Classification     AYURVEDA SGT FA-FP Library SGT FA-FP Library Text Book 20/11/2024 CHAUKHAMBHA PUB. 450.00 SGTU CP/B/584 23 615.53 A22B FA12192   15/01/2026 24/12/2025 09/10/2024 Books  
    Dewey Decimal Classification     AYURVEDA SGT FA-FP Library SGT FA-FP Library Text Book 20/11/2024 CHAUKHAMBHA PUB. 450.00 SGTU CP/B/584 24 615.53 A22B FA12193   30/04/2026 27/04/2026 09/10/2024 Books  
    Dewey Decimal Classification     AYURVEDA SGT FA-FP Library SGT FA-FP Library Text Book 20/11/2024 CHAUKHAMBHA PUB. 450.00 SGTU CP/B/584 20 615.53 A22B FA12194   09/01/2026 07/01/2026 09/10/2024 Books  
    Dewey Decimal Classification     AYURVEDA SGT FA-FP Library SGT FA-FP Library Text Book 20/11/2024 CHAUKHAMBHA PUB. 450.00 SGTU CP/B/584 36 615.53 A22B FA12195   05/06/2026 05/06/2026 09/10/2024 Books 1